000 00306nam a22001337a 4500
020 _a0-316-15353-2
082 _a823
_bCON/J
100 _aCONFORD, ELLEN
245 _aJENNY ARCHER, AUTHOR
_bILLUSTRATED BY DIANE PALMISCIANO
300 _a61
520 _aSHORT STORY
650 _aSHORT STORY
942 _cBK
999 _c5799
_d5799